MARC details
| 000 -CABECERA |
| campo de control de longitud fija |
01582nam a2200337 a 4500 |
| 003 - IDENTIFICADOR DEL NÚMERO DE CONTROL |
| campo de control |
MX-MxUPN |
| 005 - FECHA Y HORA DE LA ÚLTIMA TRANSACCIÓN |
| campo de control |
20240612063915.0 |
| 008 - ELEMENTOS DE LONGITUD FIJA--INFORMACIÓN GENERAL |
| campo de control de longitud fija |
991125s1994 mx a r 000 0 spa d |
| 020 ## - NÚMERO INTERNACIONAL NORMALIZADO PARA LIBROS |
| Número Internacional Estándar del Libro |
9700300455 |
| 035 ## - NÚMERO DE CONTROL DEL SISTEMA |
| Número de control de sistema |
UPN01000027030 |
| 040 ## - FUENTE DE LA CATALOGACIÓN |
| Centro catalogador/agencia de origen |
MX-MxUPN |
| Lengua de catalogación |
spa |
| Centro/agencia transcriptor |
MX-MxUPN |
| 041 0# - CÓDIGO DE IDIOMA |
| Código de lengua del texto/banda sonora o título independiente |
spa |
| 050 14 - SIGNATURA TOPOGRÁFICA DE LA BIBLIOTECA DEL CONGRESO |
| Número de clasificación |
LB1555 M6.6 |
| Número de documento/Ítem |
M4.3 1994 LE |
| 100 1# - ASIENTO PRINCIPAL--NOMBRE PERSONAL |
| Nombre de persona |
Méndez Gutiérrez, Francisco |
| 9 (RLIN) |
29292 |
| 100 1# - ASIENTO PRINCIPAL--NOMBRE PERSONAL |
| Nombre de persona |
Moreno Aguilar, Arcadio |
| 9 (RLIN) |
29391 |
| 100 1# - ASIENTO PRINCIPAL--NOMBRE PERSONAL |
| Nombre de persona |
Malváez Silva, María Antonieta |
| 9 (RLIN) |
29108 |
| 245 10 - MENCIÓN DE TÍTULO |
| Título |
Guía práctica : |
| Resto del título |
sexto grado : conceptos básicos, ejercicios y actividades para los alumnos de sexto grado |
| 246 14 - FORMA VARIANTE DE TÍTULO |
| Título propio/Titulo breve |
Guía práctica 6 : |
| Resto del título |
conceptos básicos, ejercicios y actividades para los alumnos de sexto grado |
| 260 ## - PUBLICACIÓN, DISTRIBUCIÓN, ETC. |
| Lugar de publicación, distribución, etc. |
México, D.F. : |
| Nombre del editor, distribuidor, etc. |
Fernández, |
| Fecha de publicación, distribución, etc. |
1994 |
| 300 ## - DESCRIPCIÓN FÍSICA |
| Extensión |
406 páginas : |
| Otras características físicas |
ilustraciones |
| 500 ## - NOTA GENERAL |
| Nota general |
"Conceptos básicos, ejercicios y actividades para los alumnos de sexto grado : español, matemáticas, ciencias naturales, historia, geografía, educación cívica" |
| 500 ## - NOTA GENERAL |
| Nota general |
"De acuerdo con los contenidos básicos del programa para la modernización educativa, elaborado por la SEP"--portada. |
| 650 #4 - ASIENTO SECUNDARIO DE MATERIA - TERMINO TEMATICO |
| Término de materia o nombre geográfico como elemento de entrada |
Español |
| Subdivisión general |
Estudio y enseñanza (Elemental) |
| 9 (RLIN) |
2806 |
| 650 #4 - ASIENTO SECUNDARIO DE MATERIA - TERMINO TEMATICO |
| Término de materia o nombre geográfico como elemento de entrada |
Matemáticas |
| Subdivisión general |
Estudio y enseñanza (Elemental) |
| 9 (RLIN) |
2809 |
| 650 #4 - ASIENTO SECUNDARIO DE MATERIA - TERMINO TEMATICO |
| Término de materia o nombre geográfico como elemento de entrada |
Ciencias naturales |
| Subdivisión general |
Estudio y enseñanza (Elemental) |
| 9 (RLIN) |
2812 |
| 650 #4 - ASIENTO SECUNDARIO DE MATERIA - TERMINO TEMATICO |
| Término de materia o nombre geográfico como elemento de entrada |
Historia |
| Subdivisión general |
Estudio y enseñanza (Elemental) |
| 9 (RLIN) |
2803 |
| 650 #4 - ASIENTO SECUNDARIO DE MATERIA - TERMINO TEMATICO |
| Término de materia o nombre geográfico como elemento de entrada |
Geografía |
| Subdivisión general |
Estudio y enseñanza (Elemental) |
| 9 (RLIN) |
2801 |
| 650 #4 - ASIENTO SECUNDARIO DE MATERIA - TERMINO TEMATICO |
| Término de materia o nombre geográfico como elemento de entrada |
Civismo |
| Subdivisión general |
Estudio y enseñanza (Elemental) |
| 9 (RLIN) |
2807 |
| 904 ## - ELEMENTOS DE DATOS D LOCAL, LDD (RLIN) |
| a |
AC |
| b |
027031 |
| 905 ## - TIPO DE MATERIAL |
| Tipo de material |
Libro |